| 000 | 00624nam a2200193Ia 4500 | ||
|---|---|---|---|
| 003 | OSt | ||
| 005 | 20260406125702.0 | ||
| 008 | 210210b1997 xxu||||| |||| 00| 0 eng d | ||
| 040 | _cAL | ||
| 041 | _aHindi | ||
| 082 | _aH891.2 DVEE | ||
| 100 |
_aDVIVEDI (Adhyaprasad) Aur PANDEY (Kailashanath) _948765 _dद्विवेदी (अध्याप्रसाद) और पांडे (कैलाशनाथ) |
||
| 245 |
_aEkanki kunj: _bएकांकी कुंज |
||
| 260 |
_aIlahabad _bLokbharati Prakashan _c1997 |
||
| 300 | _a155 | ||
| 690 |
_aHindi Drama _948766 |
||
| 906 | _a052017 | ||
| 942 |
_2ddc _cBK |
||
| 999 |
_c100379 _d100379 |
||